Numerical analysis of natural convection of corium in a semi-cylindrical cavity with isothermal walls; Перспективы развития фундаментальных наук; Т. 3 : Математика
| Parent link: | Перспективы развития фундаментальных наук=Prospects of Fundamental Sciences Development: сборник научных трудов XIX Международной конференции студентов, аспирантов и молодых ученых, г. Томск, 26-29 апреля 2022 г./ Национальный исследовательский Томский политехнический университет (ТПУ) ; под ред. И. А. Курзиной, Г. А. Вороновой.— , 2022 Т. 3 : Математика.— 2022.— [С. 78-80] |
|---|---|
| Autore principale: | |
| Altri autori: | , |
| Riassunto: | Заглавие с экрана В настоящей работе проводится моделирование естественной конвекции кориума в полуцилиндрической полости с изотермическими стенками в ламинарном приближении. Для описания влияния выталкивающей силы внутри тепловыделяющей среды используется модель Буссинеска. Для реализации задачи, сформулированной на основе преобразованных переменных, применяется метод конечных разностей. Полученные результаты отражают влияние определяющих параметров на структуру течения и теплоперенос, а также на эволюцию интегральных характеристик. |
| Lingua: | inglese |
| Pubblicazione: |
2022
|
| Soggetti: | |
| Accesso online: | http://earchive.tpu.ru/handle/11683/72970 |
| Natura: | MixedMaterials Elettronico Capitolo di libro |
| KOHA link: | https://koha.lib.tpu.ru/cgi-bin/koha/opac-detail.pl?biblionumber=634714 |
MARC
| LEADER | 00000naa2a2200000 4500 | ||
|---|---|---|---|
| 001 | 634714 | ||
| 005 | 20251217152237.0 | ||
| 035 | |a (RuTPU)RU\TPU\conf\36532 | ||
| 035 | |a RU\TPU\conf\36531 | ||
| 090 | |a 634714 | ||
| 100 | |a 20220822d2022 k y0rusy50 ba | ||
| 101 | 0 | |a eng | |
| 102 | |a RU | ||
| 135 | |a drgn ---uucaa | ||
| 181 | 0 | |a i | |
| 182 | 0 | |a b | |
| 200 | 1 | |a Numerical analysis of natural convection of corium in a semi-cylindrical cavity with isothermal walls |d Численный анализ естественной конвекции кориума в полуцилиндрической полости с изотермическими стенками |f Khatab Shoruk Abdelzaher Mesilkhi Mohamed, A. I. Kudrov |g sci. adv. M. A. Sheremet | |
| 203 | |a Текст |c электронный | ||
| 300 | |a Заглавие с экрана | ||
| 320 | |a [Библиогр.: с. 80 (6 назв.)] | ||
| 330 | |a В настоящей работе проводится моделирование естественной конвекции кориума в полуцилиндрической полости с изотермическими стенками в ламинарном приближении. Для описания влияния выталкивающей силы внутри тепловыделяющей среды используется модель Буссинеска. Для реализации задачи, сформулированной на основе преобразованных переменных, применяется метод конечных разностей. Полученные результаты отражают влияние определяющих параметров на структуру течения и теплоперенос, а также на эволюцию интегральных характеристик. | ||
| 461 | 1 | |0 (RuTPU)RU\TPU\conf\36478 |t Перспективы развития фундаментальных наук |l Prospects of Fundamental Sciences Development |o сборник научных трудов XIX Международной конференции студентов, аспирантов и молодых ученых, г. Томск, 26-29 апреля 2022 г. |o в 7 т. |f Национальный исследовательский Томский политехнический университет (ТПУ) ; под ред. И. А. Курзиной, Г. А. Вороновой |d 2022 | |
| 463 | 1 | |0 (RuTPU)RU\TPU\conf\36480 |t Т. 3 : Математика |v [С. 78-80] |d 2022 | |
| 510 | 1 | |a Численный анализ естественной конвекции кориума в полуцилиндрической полости с изотермическими стенками |z rus | |
| 610 | 1 | |a электронный ресурс | |
| 610 | 1 | |a труды учёных ТПУ | |
| 610 | 1 | |a моделирование | |
| 610 | 1 | |a численный анализ | |
| 610 | 1 | |a естественная конвекция | |
| 610 | 1 | |a кориум | |
| 610 | 1 | |a полости | |
| 610 | 1 | |a теплоперенос | |
| 610 | 1 | |a интегральные характеристики | |
| 610 | 1 | |a стенки | |
| 700 | 0 | |a Khatab Shoruk Abdelzaher Mesilkhi Mohamed |c Physicist |c Research Engineer of Tomsk Polytechnic University |f 1997- |3 (RuTPU)RU\TPU\pers\47304 |9 22884 | |
| 701 | 1 | |a Kudrov |b A. I. |c Specialist in the field of nuclear power engineering |c Assistant of the Department of Tomsk Polytechnic University |f 1994- |g Alexander Ivanovich |3 (RuTPU)RU\TPU\pers\42039 |9 21466 | |
| 702 | 1 | |a Sheremet |b M. A. |c physicist |c Professor of Tomsk Polytechnic University, Doctor of Physical and Mathematical Sciences |f 1983- |g Mikhail Aleksandrovich |4 727 | |
| 801 | 2 | |a RU |b 63413507 |c 20220908 |g RCR | |
| 856 | 4 | |u http://earchive.tpu.ru/handle/11683/72970 |z http://earchive.tpu.ru/handle/11683/72970 | |
| 942 | |c CF | ||